Quiz RE7 Hamburg Hbf -- Flensburg/Kiel Hbf alle Haltestellen - Statistiken

Allgemein
  • Dieses Quiz wurde 21 mal gespielt
  • Das Durchschnittsergebnis liegt bei 10 aus 15
Antwortstatistiken
Hint Antwort % Korrekt
Endhaltestelle 2 Flensburg
88%
Startpunkt Hamburg Hbf
88%
Hier wird der Zug geteilt Neumünster
81%
Hamburg-Dammtor
75%
Endhaltestelle 1 Kiel Hbf
75%
Rendsburg
75%
Elmshorn
69%
Schleswig
69%
Bordesholm
63%
Jübek
56%
Tarp
56%
Owschlag
50%
Flintbek
44%
Einfeld
38%
Nortorf
38%
Keine übereinstimmenden Quizze gefunden
Verteilung der Resultate
Anzahl Personen mit jedem Resultat
Perzentil nach korrekt beantworteten Fragen
Ihre Resultats-Entwicklung
Sie haben dieses Quiz noch nicht gespielt